| 000 | 00540nam a2200169Ia 4500 | ||
|---|---|---|---|
| 999 |
_c4842 _d4842 |
||
| 020 | _a0-231-13471-1 | ||
| 082 | _a294.392509515 DAV-T | ||
| 100 | _aDavidson, Ronald M. | ||
| 245 | 0 | _aTibetan renaissance: tantric buddhism in the rebirth of Tibetan culture | |
| 260 |
_aNew York _bColumbia University Press _c2004 |
||
| 300 | _axv, 596 | ||
| 504 | _aincludes bibliographical references and index | ||
| 650 |
_aBuddhism _vHistory and criticism |
||
| 650 |
_aBuddhism _zChina _zTibet |
||
| 650 |
_aTantric Buddhism _zChina _zTibet |
||
| 942 | _cBK | ||